| 000 | 00632nam a22001937a 4500 | ||
|---|---|---|---|
| 999 |
_c6048 _d6048 |
||
| 003 | AR-CdUCM | ||
| 008 | 190313b ||||| |||| 00| 0 spa d | ||
| 040 |
_aMUNICIPALIDAD PROVINCIAL DEL CUSCO _cBIBLIOTECA MUNICIPAL DEL CUSCO |
||
| 082 |
_29ed. _a869.5 / _bP45 |
||
| 100 |
_aPereda, D. José M. _917639 |
||
| 245 |
_aObras completas de : _bD. José M. de Pereda / |
||
| 260 |
_aMadrid : _bLibreria general de Victoriano Suárez, _c1927. |
||
| 300 |
_a574 páginas ; _c18.5 cm. |
||
| 500 | _aDonación familia Nieto | ||
| 650 |
_aRecopilacion de obras _917640 |
||
| 650 |
_aCrisálidas _917641 |
||
| 942 |
_2ddc _cLIBROS |
||
| 945 | _aafb | ||